| 000 | 01166 a2200229 4500 | ||
|---|---|---|---|
| 003 | Nust | ||
| 005 | 20230830093521.0 | ||
| 010 | _a 89008593 | ||
| 020 | _c0135832047 : | ||
| 040 | _cNust | ||
| 082 | 0 | 0 | _a621.3813,LIA |
| 100 | 1 |
_aLiao, Samuel Y. _965126 |
|
| 245 | 1 | 0 |
_aMicrowave devices and circuits / _cSamuel Y. Liao. |
| 246 | 1 | 4 | _aMicrowave devices & circuits |
| 250 | _a3rd ed. | ||
| 260 |
_aEnglewood Cliffs, N.J. : _bPrentice Hall, _cc1990. |
||
| 300 |
_axvi, 542 p. : _bill. ; _c25 cm. |
||
| 505 | _aIntroduction (Page-1), Interaction Between Electrons and Fields (Page-6), Electromagnetic Plane Waves (Page-16), Microwave Transmission Lines (Page-61), Microwave Waveguides and Components (Page-102), Microwave Transistors and Tunnel Diodes (Page-166), Microwave Filed Effect Transistors (Page-208), Transferred Electron Devices (TEDs) (Page-269), Avalanche Transit Times Devices (Page-303), Microwave Linear Beam Tubes (Page-335), Microwave Crossed Field Tubes (Page-425), Strip Lines (Page-472), Monolithic Microwave Integrated Circuits (Page-495), | ||
| 650 | 0 | _aMicrowave circuits. | |
| 650 | 0 |
_aMicrowave devices. _928228 |
|
| 942 |
_2ddc _cREF |
||
| 999 |
_c219386 _d219386 |
||